000 00461nam a2200193Ia 4500
005 20250326143737.0
008 250326s9999 xx 000 0 und d
037 _aTextbook
040 _aFMSL
_beng
_cFMSL
041 _aeng
_2eng
084 _aX P4
_qFMSL
100 _aLIPSEY
245 0 _aEconomics
_cLipsey; Chrystal
250 _a10
260 _aNY
_bNY, Oxford
_c2004
300 _a699p
942 _cTB
_hX P4
999 _c1300836
_d1300836